000 00380nam a2200109 4500
999 _c11167
_d11167
008 181015b ||||| |||| 00| 0 eng d
245 _aForeiggn relations:
_bstrengthening Myanmar-Philippine relations;
_c23cm.
260 _aSan Miguel, Manila :
_bOP-Bureau of Communications Services,
_c2013-c2014.
300 _av22 n6, pages 32-34;
_c23cm.
650 0 _932220
_a1
942 _2ddc
_cPER